| 000 | 00626nam a2200217 u 4500 | ||
|---|---|---|---|
| 005 | 20231102063611.0 | ||
| 008 | 121107s2006 r 000 0 eng d | ||
| 020 | _a9687884770 | ||
| 035 | _aUPN01000188223 | ||
| 049 | _aI | ||
| 050 | 4 |
_aGR115 _bM3.3 |
|
| 100 | 1 |
_aMartínez, Patricia _933135 |
|
| 245 | 1 | 0 |
_aGrandes pueblos de México / _cadap. Patricia Martínez ; il. Nila Pérez. |
| 260 |
_aMéxico : _bAndrés Bello, _c2006. |
||
| 300 |
_a79 p. : _bil. col. |
||
| 650 | 0 |
_aFolklore _zMéxico _911443 |
|
| 650 | 4 |
_aCultura _zMéxico _911507 |
|
| 700 | 1 |
_aPérez, Nila, _eil. |
|
| 905 | _aInfantil | ||
| 999 |
_c160326 _d160326 |
||